Dominicis diebus, in festis sanctorum, usitate in ecclesis dei pronponuntur, in gratiam piorum mimstrotum evangely conseripta (Record no. 8206)
[ view plain ]
| 000 -CABECERA | |
|---|---|
| campo de control de longitud fija | 01108nam a2200289 a 4500 |
| 001 - NÚMERO DE CONTROL | |
| campo de control | BRCA_8542 |
| 005 - FECHA Y HORA DE LA ÚLTIMA TRANSACCIÓN | |
| campo de control | 20190320210327.0 |
| 008 - DATOS DE LONGITUD FIJA--INFORMACIÓN GENERAL | |
| campo de control de longitud fija | 110816s1564----gw-a######---#000-0#lat-# |
| 041 ## - CÓDIGO DE LENGUA | |
| Código de lengua del texto/banda sonora o título independiente | lat |
| 044 ## - CÓDIGO DEL PAÍS DE LA ENTIDAD EDITORA/PRODUCTORA | |
| Código MARC del país | gw |
| 050 #4 - SIGNATURA TOPOGRÁFICA DE LA BIBLIOTECA DEL CONGRESO | |
| Número de clasificación | BS2565. A25 |
| Número de documento/Ítem | .H46 |
| -- | 1564 |
| 100 1# - ENTRADA PRINCIPAL--NOMBRE DE PERSONA | |
| Nombre de persona | Hemmingivm, Nicolavm |
| 9 (RLIN) | 21415 |
| 245 10 - MENCIÓN DE TÍTULO | |
| Título | Dominicis diebus, in festis sanctorum, usitate in ecclesis dei pronponuntur, in gratiam piorum mimstrotum evangely conseripta |
| Mención de responsabilidad, etc. | Nicolavm Hemmingivm. |
| 260 ## - PUBLICACIÓN, DISTRIBUCIÓN, ETC. | |
| Lugar de publicación, distribución, etc. | Vitebergae |
| Nombre del editor, distribuidor, etc. | Excvdebat iohannes crato |
| Fecha de publicación, distribución, etc. | 1564 |
| 300 ## - DESCRIPCIÓN FÍSICA | |
| Extensión | 845 p. |
| Otras características físicas | il. |
| Dimensiones | 17 cm |
| 500 ## - NOTA GENERAL | |
| Nota general | Fondo antiguo |
| 500 ## - NOTA GENERAL | |
| Nota general | Se encuentra en Caja Fuerte |
| 500 ## - NOTA GENERAL | |
| Nota general | P-128 |
| 500 ## - NOTA GENERAL | |
| Nota general | Incluye prefacio |
| 500 ## - NOTA GENERAL | |
| Nota general | Con Ex-libris de: Franz Mayer |
| 500 ## - NOTA GENERAL | |
| Nota general | Estado físico: la portada presenta una mancha, algunas páginas del prefacio están desprendidas de los cuadernillos |
| 500 ## - NOTA GENERAL | |
| Nota general | Nota de encuadernación: en madera, con broches de metal con piel |
| 506 0# - NOTA DE RESTRICCIONES AL ACCESO | |
| Limitaciones de acceso | Fondo reservado: para su consulta es necesario credencial de usuario y carta de motivos |
| 650 14 - PUNTO DE ACCESO ADICIONAL DE MATERIA--TÉRMINO DE MATERIA | |
| Término de materia o nombre geográfico como elemento de entrada | Sermones |
| 9 (RLIN) | 21350 |
| 902 ## - CATALOGADOR | |
| Iniciales | LAR |
| 942 ## - ELEMENTOS DE PUNTO DE ACCESO ADICIONAL (KOHA) | |
| Fuente del sistema de clasificación o colocación | Library of Congress Classification |
| Tipo de ítem Koha | Libros |
| Estado de retiro | Estado de pérdida | Estado dañado | No para préstamo | Localización permanente | Ubicación/localización actual | Fecha de adquisición | Número de inventario | Total de préstamos | Signatura topográfica completa | Código de barras | Fecha visto por última vez | Precio válido a partir de | Tipo de ítem Koha |
|---|---|---|---|---|---|---|---|---|---|---|---|---|---|
| El ejemplar forma parte de la colección y puede ser consultado según las políticas vigentes. | Biblioteca del Museo Franz Mayer (Rogerio Casas-Alatriste) | Biblioteca del Museo Franz Mayer (Rogerio Casas-Alatriste) | 11/08/2016 | P-128 | BS2565. A25 .H46 1564 (P-128) | LAR00047 | 22/03/2019 | 22/03/2019 | Libros |